Регионална библиотека "Любен Каравелов" - Русе

Проклятието над Паганини (Запис номер 160689)

MARC детайли
000 -Лидер
Контролно поле с фиксирана дължина 01997nam a2200433 c 4500
003 - Код на организацията, давaща контролен номер
Контролно поле BLK
005 - Дата и час на последна редакция
Контролно поле 20250206174235.0
008 - Елементи от данни с фиксирана дължина
fixed length control field 180410b bul|||||r ||||||| ||bul||
010 ## - Наследен системен номер
LC control number KNG00167971000
020 ## - Международен стандартен номер на книга ISBN
Международен стандартен номер на книга ISBN 978-954-320-410-6
-- издат.: Рива
040 ## - Източник на каталожния запис
Идентификатор на билиотеката - собственик на записа BLK
041 ## - Код за език
Код за езика на текст/звукозапис или на отделно заглавие Български
Код за езика КДБФ Български
072 #7 - Код за тематичната категория
Код организация bullib
Код за тематична категория Н83
Текст Чужда художествена литература Н
080 ## - УДК
Текстов определител УДК Немска литература
УДК код - определител по УДК 821.112.2
УДК определител -312.6
УДК - код + определител 821.112.2-312.6
080 ## - УДК
Текстов определител УДК Цигулка, виолина, виола д'аморе
УДК код - определител по УДК 787.1
УДК определител .071(45)(092)(0:82-31)
УДК - код + определител 787.1.071(45)(092)(0:82-31)
080 ## - УДК
Текстов определител УДК Италиански композитор, цигулар
УДК код - определител по УДК 929 Паганини, Николо
УДК определител
УДК - код + определител 929 Паганини, Николо
100 1# - Редна дума - Автор
Автор Фулд, Вернер
Авторска отговорност първи автор
R(LIN) 135128
139 ## - Редно поле
Редна дума Фулд, Вернер
Авторски знак Фул - Ф 91
245 10 - Сведения за заглавието
Заглавие Проклятието над Паганини
Подзаглавни данни Историята на една легенда
Редно поле (дума) Вернер Фулд; прев. от нем. Фросина Парашкевова.
257 ## - Страна на издаване
Страна на създаване/издаване Германия
260 ## - Област на издателските данни
-- София
Име на издателя, разпространителя и проч. Рива
Година на издаване 2012
Печатница В. Търново : Абагар
300 ## - Физическа характеристика
Страници 206 с.
Илюстрации и др. с портр.
Размери/Мащаб 20 см
380 ## - Жанр
Жанр Худож. лит.
500 ## - Общи забележки
Забележка Ориг. загл. Paganinis Fluch / Werner Fuld.
600 14 - Име на лице, използвано като предмет
За него / За нея Паганини, Николо
Свързани дати 1782 - 1840
9 (RLIN) 105583
650 #4 - Допълнително описание по предмет – тема
Основно описание – тема или топоним Паганини, Николо
9 (RLIN) 105583
650 #4 - Допълнително описание по предмет – тема
Основно описание – тема или топоним Цигулари, италиански
9 (RLIN) 334945
650 #4 - Допълнително описание по предмет – тема
Основно описание – тема или топоним Композитори, италиански
9 (RLIN) 276875
653 ## - Ключова дума – ненормативна
Ключова дума Николо Паганини
653 ## - Ключова дума – ненормативна
Ключова дума романизувани биографии
659 ## - Тематичен бюлетин
Тематичен бюлетин Н
700 1# - Други автори (авторска отговорност)
Лично име Парашкевова, Фросина
Автороска отговорност (Описва отношението между автора и произведението) прев. от нем.
9 (RLIN) 371810
852 ## - Местоположение
Форматна сигнатура Цб 271640
856 4# - Електронен адрес и достъп
Електронен формат pdf - файл
Път до файла /url/
856 4# - Електронен адрес и достъп
Електронен формат pdf - файл
Път до файла /url/
942 ## - АРТИКУЛИ
Вид на библиотечния материал Книги
Скрит в OPAC Не
Koha issues (borrowed), all copies 4
944 ## - СЪЗДАВАНЕ И РЕДАКЦИЯ на ЗАПИСА
Създаване/Редакция Създаване
Дата на регистрацията/редакция 28.11.2014
Статус, дата на статуса Мартин Енчев
Служител, извършил регистрацията/редакцията 30575
944 ## - СЪЗДАВАНЕ И РЕДАКЦИЯ на ЗАПИСА
Създаване/Редакция Редакция
Дата на регистрацията/редакция 13.02.2015
Статус, дата на статуса ф /
Служител, извършил регистрацията/редакцията Людмила_Стоянова
999 ## - СИСТЕМНИ КОНТРОЛНИ НОМЕРА
Koha biblionumber 160689
Koha biblioitemnumber 160689
Наличности
Код за отписване Код за изгубен артикул Код за повреда Коз за рестрикции Код за отдаване Артикулен № Име на библиотеката - собственик Име на библиотеката, в която се намира в момента Статус (Текущо местоположение) Дата на вписване в системата Местоположение - отдел Цена в лева Инвентарен номер Систематично азбучна сигнатура Баркод Номер на екземпляра Цена в евро Служебна бележка Служебен тип на артикула Източник на класификационната схема
  Не е изгубен Не е повреден без рестрикции заемане за дома 268650 Регионална библиотека "Любен Каравелов" Русе Регионална библиотека "Любен Каравелов" Русе Заемна - подръчен фонд 2014-11-30 Заемна - подръчен фонд 13.00 120000783293 П 830-31/Ф 91 120000783293 1 6.65 Дост: Pk Вид: Ф N: 419 Дата: 22.11.2014 Книги  
  Не е изгубен Не е повреден само за читалня ползва се в читалня 749969 Регионална библиотека "Любен Каравелов" Русе Регионална библиотека "Любен Каравелов" Русе Хранилище 2019-11-26 Хранилище 9.10   Цб 297354 120000838137   4.65   Книги Universal Decimal Classification
  Не е изгубен Не е повреден без рестрикции заемане за дома 749970 Регионална библиотека "Любен Каравелов" Русе Регионална библиотека "Любен Каравелов" Русе Заемна - подръчен фонд 2019-11-26 Заемна - подръчен фонд 9.10   П 830-31/Ф 91 120000838138   4.65   Книги Universal Decimal Classification
Vip Innovations Ltd, Rousse, Bulgaria 2025